Statistics for Countries by picture (Impossible) )

Click here to take the quiz!

General Stats

  • This quiz has been taken 30 times
  • The average score is 4 of 15

Answer Stats

Answer% Correct
Norway
74%
Finland
70%
Iceland
63%
France
48%
Colombia
41%
Denmark
33%
Mongolia
30%
Kiribati
22%
Montenegro
15%
Israel
11%
Sao tome
11%
Uzbekistan
11%
North korea
7%
Equatorial Guinea
4%
Isle of man
4%

Score Distribution

Percentile by Number Answered

Percent of People with Each Score

Your Score History

You have not taken this quiz